书目信息 |
| 题名: |
麦秸垛
|
|
| 作者: | 王蒙 , 张洁 , 铁凝 著 | |
| 分册: | ||
| 出版信息: | 北京 中国文联出版社 2009.05 |
|
| 页数: | 460页 | |
| 开本: | 23cm | |
| 丛书名: | 《收获》50年精选系列 | |
| 单 册: | ||
| 中图分类: | I247.5 | |
| 科图分类: | ||
| 主题词: | 中篇小说--作品集--中国--当代 | |
| 电子资源: | ||
| ISBN: | 978-7-5059-6313-9 | |
| 000 | 00936nam 2200277 450 | |
| 001 | 012010609773 | |
| 005 | 20100628140036.71 | |
| 009 | 012004340133 | |
| 010 | @a978-7-5059-6313-9@dCNY38.00 | |
| 100 | @a20100515d2009 em y0chiy0110 ea | |
| 101 | 0 | @achi |
| 102 | @aCN@b110000 | |
| 105 | @ay z 000ay | |
| 200 | 1 | @a麦秸垛@Amai jie duo@f王蒙, 张洁, 铁凝等著@Fwang meng,zhang jie,tie ning deng zhu |
| 210 | @a北京@c中国文联出版社@d2009.05 | |
| 215 | @a460页@d23cm | |
| 225 | 2 | @a《收获》50年精选系列@i中篇小说卷@v1 |
| 330 | @a本册为《麦秸垛》,选取了王蒙、张洁、铁凝等的“犯人李铜钟的故事”、“杂色”、“同一地平线上”、“麦秸垛”等七篇作品。 | |
| 410 | 0 | @12001 @a《收获》50年精选系列@i中篇小说卷@v1 |
| 606 | 0 | @a中篇小说@x作品集@y中国@z当代 |
| 690 | @aI247.5@v4 | |
| 701 | 0 | @a王蒙@Awang meng@4著 |
| 701 | 0 | @a张洁@Azhang jie@4著 |
| 701 | 0 | @a铁凝@Atie ning@4著 |
| 801 | 0 | @aCN@c20100515 |
| 905 | @dI247.5@eW272-2@f3 | |
| 麦秸垛/王蒙, 张洁, 铁凝等著.-北京:中国文联出版社,2009.05 |
| 460页;23cm.-(《收获》50年精选系列.中篇小说卷;1) |
| ISBN 978-7-5059-6313-9:CNY38.00 |
| 本册为《麦秸垛》,选取了王蒙、张洁、铁凝等的“犯人李铜钟的故事”、“杂色”、“同一地平线上”、“麦秸垛”等七篇作品。 |
| ● |
| 相关链接 |
|
|
|
正题名:麦秸垛
索取号:I247.5/W272-2
 
预约/预借
| 序号 | 登录号 | 条形码 | 馆藏地/架位号 | 状态 | 备注 |